Famous Leader by Predecessor Quiz Stats

 Plays Quiz Updated Aug 29, 2016

Challenge
Share
Tweet
Embed
Score 0/24 Timer 05:00
1 Play Today
Predecessor Leader % Correct
James BuchananAbraham Lincoln
77.8%
Frederik Willem de KlerkNelson Mandela
68.6%
Fulgencio BatistaFidel Castro
62.4%
Kurt von SchleicherAdolf Hitler
60.3%
Chiang Kai-shekMao Zedong
59.3%
Kim Il-sungKim Jong-il
52.9%
James CallaghanMargaret Thatcher
52.8%
Salvador AllendeAugusto Pinochet
47.7%
Mohammed Reza PahlaviRuhollah Khomeini
47.4%
Leopold ILeopold II
45.1%
Luigi FactaBenito Mussolini
45%
Charan SinghIndira Gandhi
44.5%
Predecessor Leader % Correct
Bảo ĐạiHồ Chí Minh
43%
Peter IIICatherine II
37.4%
René CotyCharles de Gaulle
35.7%
Ahmed Hassan al-BakrSaddam Hussein
35.1%
Juan PerónIsabel Perón
28.4%
Ivan ŠubašićJosip Broz Tito
25.2%
Diosdado CabelloHugo Chávez
24.9%
Juan NegrínFrancisco Franco
19%
ZewdituHaile Selassie
18.1%
Abel MuzorewaRobert Mugabe
11.1%
Muhammad Khan JunejoBenazir Bhutto
9.1%
Tou SamouthPol Pot
8.4%

You're not logged in!

Compare scores with friends on all Sporcle quizzes.
Join for Free
OR
Log In

You Might Also Like...

Show Comments

Extras

Top Quizzes Today


Score Distribution

Your Account Isn't Verified!

In order to create a playlist on Sporcle, you need to verify the email address you used during registration. Go to your Sporcle Settings to finish the process.

Report this User

Report this user for behavior that violates our Community Guidelines.

Details: